Score 0/77 Timer 15:00
0 Plays Today
Section of Carbine Part % Correct
Trigger
93.2%
Bolt
93.2%
Firing Pin
83.8%
Buffer
80.3%
Stock
73%
Hammer
72.4%
Gas Tube
72.4%
Bolt Carrier
70.8%
Pistol Grip
68.6%
Flashhider
66.2%
Buffer Tube
64.9%
Buffer Spring
63.5%
Charging handle
62.2%
Extractor
60.5%
Trigger Spring
55.7%
Gas Block
54.3%
Forward Assist
53.5%
Trigger Guard
53%
Follower
53%
Bolt Catch
52.4%
Barrel
50.5%
Hammer Spring
49.7%
Selector
49.2%
Ejector
46.8%
Upper ReceiverUpper Receiver
45.4%
Delta Ring
45.4%
Lower ReceiverLower Receiver
43.5%
Cam Pin
43.5%
Ejection Port Cover
43.2%
Gas Key
43%
Magazine Catch
41.6%
Magazine Spring
39.5%
Castle Nut
39.2%
Firing Pin Retaining Pin
38.4%
Handguards
38.4%
Extractor Spring
37.3%
Disconnector
35.1%
Base Plate
30.3%
Gas Rings
29.5%
Section of Carbine Part % Correct
Forward Assist Spring
28.4%
Rear takedown pin
27.8%
Grip Screw
27.8%
Crush Washer
27.8%
Barrel Nut
27.8%
Front Pivot Pin
27.3%
Selector Detent
27%
Trigger Pins
25.1%
MagazineBody
25.1%
Buffer Retainer
24.9%
Magazine Catch Spring
23.8%
Ejection Port Cover Spring
23.8%
Extractor Pin
23.5%
Disconnector Spring
22.7%
Bolt Catch Spring
22.2%
Selector Spring
21.9%
Charging handle Latch
19.7%
Buffer Retainer Spring
19.2%
Trigger Guard Pin
18.4%
Bolt Catch Roll Pin
16.5%
Ejection Port Cover Pin
16.5%
Magazine Catch Button
16.2%
Forward Assist Pin
16.2%
Bolt Carrier GroupGas Key Screw
14.1%
Ejector Roll Pin
14.1%
Takedown Detent
13.8%
Charging Handle Latch Spring
11.1%
Weld Spring
10%
Lock Washer
9.7%
Charging Handle Roll Pin
9.5%
Detent Springs
8.1%
Latch Plate
7.3%
Hand Guard Cap
7.3%
Gas Tube Retainer Pin
7%
Bolt Catch Buffer
6.2%
Barrel Indexing Pin
4.6%
Ejection Hinge Pin Snap Ring
4.3%
Barrel Snap Ring
4.3%
Remove Ads.
Support Sporcle.
Get the best of Sporcle when you Go Orange. This ad-free experience offers more features, more stats, and more fun while also helping to support Sporcle. Thank you for becoming a member.

You're not logged in!

Compare scores with friends on all Sporcle quizzes.
OR
Log In

Show Comments

Extras

Created Oct 12, 2010SourceReportNominate
Tags:section

Top Quizzes Today


Score Distribution

Your Account Isn't Verified!

In order to create a playlist on Sporcle, you need to verify the email address you used during registration. Go to your Sporcle Settings to finish the process.

Report this User

Report this user for behavior that violates our Community Guidelines.

Details: